000 00340nam a2200145Ia 4500
008 230312s9999||||xx |||||||||||||| ||und||
020 _a9789698455613
082 _a891.4
_bIRF-T
100 _aعرفان حبیب
245 0 _aٹیپو سلطان
260 _bJamhori
_apak
_c2014
300 _a158
650 _aLiterature
942 _cBK
999 _c14874
_d14874